| 000 | 00431pab a2200157 454500 | ||
|---|---|---|---|
| 008 | 180718b2006 xxu||||| |||| 00| 0 eng d | ||
| 100 | _aSala-I-Martin, Xavier | ||
| 245 | _aThe world distribution of income: falling poverty and convergence, period | ||
| 260 | _c2006 | ||
| 300 | _ap.361-97. | ||
| 362 | _aMay | ||
| 650 | _aPoverty | ||
| 650 | _aIncome distribution | ||
| 773 | _aQuarterly Journal of Economics | ||
| 909 | _a71769 | ||
| 999 |
_c71769 _d71769 |
||